000 00613nam a2200193 i 4500
001 109419
003 ES-MaACL
005 20251005063106.0
007 t|
008 061121s1958 cl r ||||1| spa d
100 1 _aMúgica, Juan,
_dn. 1905
_9153898
245 1 4 _aLos Tocornal /
_cJuan Mújica.
260 _aSantiago de Chile :
_bUniversidad Católica,
_c1958.
300 _a16 p. ;
_c23 cm.
500 _aEs tirada aparte del Boletín de la Academia Chilena de la Historia, nº 59.
600 1 4 _aTocornal (Familia)
_9153900
852 _aES-MaACL
_j2020-F-18
_bR.47116
999 _c109419
_d109419